Statistiques concernant Quiz Harry Potter

Cliquez ici pour prendre le quiz!

Statistiques générales

  • Ce quiz a été pris 491 fois
  • Le résultat moyen est 13 sur 15

Statistiques - réponses

IndicePrénom% Correct
Meilleure ami de Harry et RonHermione
98%
Le dernier garçon des WeasleyRon
97%
Le meilleur ami de JamesSirius
96%
Paternel de HarryJames
93%
Destructeur de NaginiNeville
92%
Benjamine des WeasleyGinny
91%
Ennemi de Harry pendant sa scolaritéDrago
90%
La personne qui a fait que Harry puisse survivre à 1ansLily
90%
5 fois Lauréat du sourire le plus charmeurGilderoy
87%
Animagus professeur à PoudlardMinerva
87%
Elfe libre qui aide Harry pendant ses péripétiesDobby
84%
Destructeur de la bague des GauntAlbus
82%
Personne qui annonce que Harry est un sorcierRubeus
82%
Ennemi des maraudeursSeverus
82%
Le tout premier horcruxe que l'on nommeHarry
70%

Distribution des résultats

Percentile par nombre de réponses

% des personnes avec chaque résultat

Votre développement - résultats

Vous n’avez pas pris ce quiz